000 00269nam a22001217a 4500
008 170426b xxu||||| |||| 00| 0 eng d
041 _aeng
080 _a54
100 _a12
101 _aSHM
245 _aELEMENTARY PHYSICAL CHEMISTRY
_cRANDAL.M
942 _2udc
_cBK
999 _c12126
_d12126